Countries of Asia Before World War II - Statistics

General Stats
  • This quiz has been taken 126 times
  • The average score is 13 of 14
Answers on the Map
Answers color-coded by a green-red scale on the quiz's map according to % correct below.
 
Answer Stats
Country % Correct
China
100%
Japan
100%
Mongolia
100%
Iran
98%
Turkey
98%
Saudi Arabia
97%
Nepal
96%
Soviet Union
96%
Iraq
95%
Thailand
95%
Afghanistan
92%
Tibet
87%
Yemen
84%
Tannu Tuva
36%
No matching quizzes found
Score Distribution
Percent of People with Each Score
Percentile by Number Answered
Your Score History
You have not taken this quiz